Automatic data processing (Record no. 2489)

MARC details
000 -LEADER
fixed length control field 00548nam a2200181Ia 4500
003 - CONTROL NUMBER IDENTIFIER
control field IN-BaIIA
008 - FIXED-LENGTH DATA ELEMENTS--GENERAL INFORMATION
fixed length control field 211028s9999 xx 000 0 eng d
040 ## - CATALOGING SOURCE
Transcribing agency IIA Library
080 ## - UNIVERSAL DECIMAL CLASSIFICATION NUMBER
Universal Decimal Classification number 681.3
Item number BRO
100 ## - MAIN ENTRY--PERSONAL NAME
Personal name Brooks, P. Frederick
9 (RLIN) 4448
245 #0 - TITLE STATEMENT
Title Automatic data processing
Statement of responsibility, etc. Frederick B.P. and Kenneth E. Iverson
260 ## - PUBLICATION, DISTRIBUTION, ETC.
Place of publication, distribution, etc. New York
Name of publisher, distributor, etc. John Wiley & Sons
Date of publication, distribution, etc. 1963
300 ## - PHYSICAL DESCRIPTION
Extent xvii, 494p.
650 ## - SUBJECT ADDED ENTRY--TOPICAL TERM
Topical term or geographic name entry element Data Processing
9 (RLIN) 4335
650 ## - SUBJECT ADDED ENTRY--TOPICAL TERM
Topical term or geographic name entry element NASA Thesaurus
700 ## - ADDED ENTRY--PERSONAL NAME
Personal name Iverson, E.P.
9 (RLIN) 4449
942 ## - ADDED ENTRY ELEMENTS (KOHA)
Koha item type Books
Holdings
Withdrawn status Lost status Source of classification or shelving scheme Damaged status Not for loan Home library Current library Shelving location Date acquired Total Checkouts Full call number Barcode Date last seen Price effective from Koha item type Purchase Price
    Dewey Decimal Classification     IIA Library-Bangalore IIA Library-Kodaikanal General Stacks 06/07/1965   681.3/ BRO 2776 05/11/2021 06/07/1965 Books  

Powered by Koha